00430nam a2200157 a 450000100060000000300090000600800410001502000150005604000280007108200180009910000260011724500530014326000330019630000100022965000330023915416CO-ViMGA141112s2004 ck r 000 u spa d a9580205108 aCO-ViMGAbspacCO-ViMGA04aCo860.4 B674a1 aBotía Niño, Julio10aAnálisis Literario de Manuela : bEugenio Diaz aBogotá, cVoluntad, c1993 a77.p.14aMANUELA - ANALISIS LITERARIO